000 00773nam a2200241 i 4500
001 98698
003 ES-MaACL
005 20250712031718.0
007 t|
008 051020q19001999sp ||||1| spa d
100 1 _aEisenhower, Dwight D.
_946858
245 1 0 _aHistoria de la guerra desde la invasión hasta la victoria /
_cGeneral Eisenhower ; [traducción de J. Vallvé y F. Gutiérrez].
250 _a[4ª ed.].
260 _aBarcelona :
_bMateu,
_c[19-?]
300 _a345 p., 7 lám. ;
_c19 cm.
490 1 _aKeops
650 1 4 _aGuerra mundial, 1939-1945.
_913228
700 1 _aVallvé, Juan.
_9112960
700 1 _aGutiérrez, Fernando,
_d1911-1984
_9156260
830 0 _aKeops
_9187132
852 _aES-MaACL
_jC-11430
_bR.39477
999 _c98698
_d98698